000 00756nam a2200205 a 4500
001 000003712
005 20200929150536.0
008 090713s2007 dr c 000 0 spa d
020 _a9788461172252
040 _aDO-SdBNP
_bspa
_cBNPHU
041 1 7 _aspa
_2eng
082 _axxx
_bC823g
100 1 _aCorrales, Raúl,
_d1925-
_911323
245 1 0 _aGirón. los días de una gloriosa batalla = Giron. the glorious days of the bay of pigs batttle /
_cRaul Corrales; edición Carlos Torres.
246 1 1 _aGirón. the glorious days of the bay of pigs batttle /
260 _aValencia :
_bEdiciones Aurelia,
_c2007.
300 _a115 p. :
_bretrs. ;
_c30 cm.
500 _aIncluye datos biográficos del autor en las solapas
700 1 _aTorres, Carlos
_eed.
_911324
999 _c3534
_d3534